LEADER 01595nam 2200481 450 001 9910709984203321 005 20180822090408.0 035 $a(CKB)5470000002474421 035 $a(OCoLC)1049172179 035 $a(EXLCZ)995470000002474421 100 $a20180822j198208 ua 0 101 0 $aeng 135 $aur||||||||||| 181 $ctxt$2rdacontent 182 $cc$2rdamedia 183 $acr$2rdacarrier 200 10$aLow pressure turbine test hardware detailed design report /$fD.G. Cherry, C.H. Gay, D.T. Lenahan 210 1$aCleveland, Ohio :$cNational Aeronautics and Space Administration, Lewis Research Center,$dAugust 1982. 215 $a1 online resource (xiii, 173 pages) $cillustrations 225 1 $aNASA/CR ;$v167956 300 $a"August 1982." 517 1 $aEnergy efficient engine 606 $aAircraft engines$2nasat 606 $aLow pressure$2nasat 606 $aTurbine blades$2nasat 606 $aEngine design$2nasat 606 $aACEE program$2nasat 615 7$aAircraft engines. 615 7$aLow pressure. 615 7$aTurbine blades. 615 7$aEngine design. 615 7$aACEE program. 700 $aCherry$b D. G.$01415822 702 $aGay$b C. H. 702 $aLenahan$b D. T. 712 02$aLewis Research Center, 712 02$aGeneral Electric Company.$bAircraft Engine Business Group.$bAdvanced Technology Programs Department. 801 0$bGPO 801 1$bGPO 906 $aBOOK 912 $a9910709984203321 996 $aLow pressure turbine test hardware detailed design report$93518929 997 $aUNINA LEADER 04431 am 2201057 n 450 001 9910578679403321 005 20220524 010 $a2-7099-2891-4 024 7 $a10.4000/books.irdeditions.42659 035 $a(CKB)4100000012879369 035 $a(FrMaCLE)OB-irdeditions-42659 035 $a(oapen)https://directory.doabooks.org/handle/20.500.12854/91868 035 $a(PPN)267950985 035 $a(EXLCZ)994100000012879369 100 $a20220701j|||||||| ||| 0 101 0 $afre 135 $auu||||||m|||| 181 $ctxt$2rdacontent 182 $cc$2rdamedia 183 $acr$2rdacarrier 200 10$aBamako $eDe la ville à l?agglomération /$fMonique Bertrand 210 $aMarseille $cIRD Éditions$d2022 215 $a1 online resource (344 p.) 225 1 $aAtlas et cartes 311 $a2-7099-2889-2 330 $aLongtemps perçue comme un gros village, réceptacle des migrations rurales, la capitale du Mali est devenue une métropole illustrant remarquablement la croissance démographique et l?étalement spatial des grandes agglomérations ouest-africaines. Avec trois décennies de recul, ce livre-atlas met en lumière ces enjeux et les processus de renouvellement de la population bamakoise : le poids désormais décisif des jeunes ; l?impact de flux résidentiels redistribuant familles et demandes de logement au-delà du district urbain ; le déplacement des fortes inégalités d?accès au sol vers les périphéries de l?agglomération. S?appuyant sur une combinaison de données censitaires, d?enquêtes quantitatives et d?observations de terrain, l?ouvrage montre comment les pratiques des habitants en matière de logement, de migration et de mobilité urbaine impriment des discriminations croissantes dans ce cadre expansif. La trajectoire de la ville se lit au fil de plusieurs générations qui ont marqué l?histoire des quartiers, densifié les lignées de propriétaires, forgé de nouveaux besoins dans les plus récents fronts de peuplement. Prendre le pouls de la transition urbaine oblige à déconstruire les visions simplistes opposant émigration et immigration, croissance spontanée et urbanisme réglementaire, une ville « prédatrice » et une campagne « spoliée », sans pour autant négliger leurs échos dans les représentations locales et les modèles globalisés de gouvernance urbaine. Véritable manuel d?investigation, ce livre rappelle donc la nécessité d?une connaissance précise des cycles d?expansion urbaine et des acteurs de cette double fabrique, sociale et territoriale. Il donne à voir l?agglomération de Bamako à la fois dans sa dimension régionale et dans l?intimité de ses quartiers. 606 $aUrban Studies 606 $amétropole 606 $avilles 606 $apopulations 606 $amigrations 606 $amobilités 606 $afoncier 606 $alogement 606 $aurbanisme 606 $acroissance 606 $adéveloppement 606 $ainégalités 606 $ajeunesse 606 $agéographie 606 $asociologie 606 $adémographie 606 $aéconomie 606 $aAfrique 606 $aBamako 606 $aatlas 610 $amétropole 610 $avilles 610 $apopulations 610 $amigrations 610 $amobilités 610 $afoncier 610 $alogement 610 $aurbanisme 610 $acroissance 610 $adéveloppement 610 $ainégalités 610 $ajeunesse 610 $agéographie 610 $asociologie 610 $adémographie 610 $aéconomie 610 $aAfrique 610 $aBamako 610 $aatlas 615 4$aUrban Studies 615 4$amétropole 615 4$avilles 615 4$apopulations 615 4$amigrations 615 4$amobilités 615 4$afoncier 615 4$alogement 615 4$aurbanisme 615 4$acroissance 615 4$adéveloppement 615 4$ainégalités 615 4$ajeunesse 615 4$agéographie 615 4$asociologie 615 4$adémographie 615 4$aéconomie 615 4$aAfrique 615 4$aBamako 615 4$aatlas 700 $aBertrand$b Monique$054464 801 0$bFR-FrMaCLE 906 $aBOOK 912 $a9910578679403321 996 $aBamako$93025279 997 $aUNINA LEADER 01802nas 2200577- 450 001 9910231855403321 005 20230222213018.0 011 $a1745-3755 035 $a(DE-599)ZDB2174329-0 035 $a(OCoLC)60616906 035 $a(CKB)1000000000017413 035 $a(CONSER)--2005249111 035 $a(EXLCZ)991000000000017413 100 $a20050614a20059999 s-- a 101 0 $aeng 135 $aurcnu|||||||| 181 $ctxt$2rdacontent 182 $cc$2rdamedia 183 $acr$2rdacarrier 200 10$aCoDesign $einternational journal of cocreation in design and the arts 210 1$aAbingdon :$cTaylor and Francis,$d2005- 215 $a1 online resource 300 $aRefereed/Peer-reviewed 311 $a1571-0882 531 $aCODESIGN 606 $aDesign$vPeriodicals 606 $aCommunication in design$vPeriodicals 606 $aInterpersonal communication$vPeriodicals 606 $aArtistic collaboration$vPeriodicals 606 $aVisual Arts$2ebps 606 $aIndustrial Design$2ebps 606 $aInterpersonal communication$2fast$3(OCoLC)fst00977344 606 $aDesign$2fast$3(OCoLC)fst00891253 606 $aCommunication in design$2fast$3(OCoLC)fst00870127 606 $aArtistic collaboration$2fast$3(OCoLC)fst00817556 608 $aPeriodicals.$2fast 615 0$aDesign 615 0$aCommunication in design 615 0$aInterpersonal communication 615 0$aArtistic collaboration 615 7$aVisual Arts. 615 7$aIndustrial Design. 615 7$aInterpersonal communication. 615 7$aDesign. 615 7$aCommunication in design. 615 7$aArtistic collaboration. 676 $a700 906 $aJOURNAL 912 $a9910231855403321 996 $aCoDesign$92377650 997 $aUNINA